Religia Test - Statystyki

Ogólne statystyki
  • Ten quiz został rozwiązany 86 razy
  • Średni wynik to 8 z 11
Statystyki odpowiedzi
Zagadnienie Odpowiedź % Poprawnych
Święcenie pokarmu ma na celu? Błogosławienie jedzenia, które będzie spożywane w czasie świąt
99%
Co to znaczy "Olej chorych" Olej używany podczas udzielania sakramentu namaszczenia chorych
96%
ile jest sakramentów Świętych? 7
93%
Wigilia paschalna to? Liturgia sprawowana w noc Zmartwychwstania Pańskiego
93%
ciemnica to? ozdobiona okolicznościowa kaplica lub ołtarz do przechowywania Najświętszego Sakramentu od mszy świętej Wieczerzy Pańskiej w Wielki Czwartek do liturgii Wielkiego Piątk
85%
Symbolika Paschału Zmartwychwstanie Jezusa Chrystusa
80%
Na co pozwala Post Ścisły? na spożycie jednego sytego posiłku oraz dwóch skromnych posiłków w ciągu dnia
77%
Jakie są kolory szat? Biały, czerwony, zielony, fioletowy, czarny i różowy
70%
Mandatum to? W Kościele rzymskokatolickim obrzęd umywania nóg
52%
Krzyżmo to? Mieszanina oliwy i balsamu
51%
Wieczerza Pańska jest? Biblijnym określeniem ceremonii ustanowionej przez Jezusa Chrystusa
27%
Nie znaleziono quizów pasujących do podanych kryteriów
Rozkład punktacji
Procent ludzi z każdym wynikiem
Percentyl według liczby udzielonych odpowiedzi
Twoja historia wyników
Nie rozwiązałeś tego quizu